Vật liệu học : Dùng trong các trường Trung cấp Chuyên nghiệp và Dạy nghề
Nghiên cứu về dung dịch rắn và giản đồ pha, biến dạng và nhiệt luyện, vật liệu kim loại và vật liệu phi kim
Zapisane w:
| 1. autor: | |
|---|---|
| Format: | Książka |
| Język: | Undetermined |
| Wydane: |
Hà Nội
Giáo dục Việt Nam
2010
|
| Hasła przedmiotowe: | |
| Etykiety: |
Dodaj etykietę
Nie ma etykietki, Dołącz pierwszą etykiete!
|
| Thư viện lưu trữ: | Trung tâm Học liệu Trường Đại học Cần Thơ |
|---|
| LEADER | 00858nam a2200217Ia 4500 | ||
|---|---|---|---|
| 001 | CTU_143609 | ||
| 008 | 210402s9999 xx 000 0 und d | ||
| 020 | |c 24000 | ||
| 082 | |a 620.11 | ||
| 082 | |b T500 | ||
| 100 | |a Đỗ, Ngọc Tú | ||
| 245 | 0 | |a Vật liệu học : | |
| 245 | 0 | |b Dùng trong các trường Trung cấp Chuyên nghiệp và Dạy nghề | |
| 245 | 0 | |c Đỗ Ngọc Tú, Phùng Xuân Sơn | |
| 260 | |a Hà Nội | ||
| 260 | |b Giáo dục Việt Nam | ||
| 260 | |c 2010 | ||
| 520 | |a Nghiên cứu về dung dịch rắn và giản đồ pha, biến dạng và nhiệt luyện, vật liệu kim loại và vật liệu phi kim | ||
| 650 | |a Engineering materials,Vật liệu kỹ thuật | ||
| 904 | |i Hải | ||
| 980 | |a Trung tâm Học liệu Trường Đại học Cần Thơ | ||